Europa mit B - Statistiken

Allgemein
  • Dieses Quiz wurde 195 mal gespielt
  • Das Durchschnittsergebnis liegt bei 29 aus 42
Antwortstatistiken
Hint Antwort % Korrekt
Belgien
98%
Berlin
94%
See zwischen Deutschland, Schweiz und Österreich Bodensee
94%
spanische Stadt am Mittelmeer, bekannt für Bauwerkewie die Sagrada Familia, die Casa Mila und den Park Güell Barcelona
93%
Bulgarien
93%
das bekannteste Berliner Wahrzeichen Brandenburger Tor
92%
eines der bekanntesten Wahrzeichen Londons mit Klang Big Ben
91%
berühmte Beatgruppe aus Liverpool, mit der alles begann Beatles
90%
Bosnien und Herzegowina
90%
Budapest
89%
Spanische Inselgruppe im Mittelmeer Balearen
88%
deutsche Automarke für die, die immer die Schnellsten sein wollen BMW
88%
Bern
85%
Bukarest
85%
Länder Belarus
84%
Stadt in Frankreich und Wein aus Frankreich Bordeaux
84%
Brüssel
83%
dort leben die britischen Monarchen Buckingham Palast
83%
die zweitgrößte Stadt Norwegens Bergen
80%
Höchster Berg im Harz Brocken
80%
spanische Stadt an der Biskaya mit dem Guggenheim-Museum Bilbao
77%
Bratislava
77%
deutscher Komponist des Barock Johann Sebastian Bach
77%
ehemaliger deutscher Bundeskanzler und Friedensnobelpreisträger Willy Brandt
77%
Meerenge, die Europa und Asien trennt und eine Stadt teilt Bosporus
76%
Lieblingsnahrung der Deutschen mit B (Getränk und Essen auf die Hand)2 Begriffe ohne und, ohne Komma Bier Bratwurst
74%
Hauptstädte Belgrad
71%
erster Reichskanzler des Deutschen Reichs Otto von Bismarck
71%
britischer berühmter Streetartkünstler, dessen Identität geheim ist Banksy
60%
deutscher Chemiekonzern, Sitz in Ludwigshafen/Rhein BASF
59%
britisches Mineralölunternehmen BP
57%
Irischer Musiker, Frontmann der Band U2 Bono
56%
See in Ungarn, deutsch Plattensee genannt Balaton
55%
englischer Name der Ostsee Baltic Sea
53%
griechische Version eines Hacksteaks Bifteki
53%
dänischer Physiker, Atommodell Niels Bohr
45%
Nördlicher Ausläufer der Ostsee zwischen Schweden und Finnland Bottnischer Meerbusen
23%
Barockschloss in Wien mit Museum und bedeutender Kunstsammlung Belvedere
16%
grün-gelber Kräuterbitterschnaps aus Tschechien Becherovka
12%
portugiesisches Nationalgericht, getrockneter Stockfisch Bacalhau
10%
Bergkäse aus den Savoyer Alpen Beaufort
2%
hochgelegener Palast im Stadtteil Buda von Budapest Burgpalast
2%
Keine übereinstimmenden Quizze gefunden
Verteilung der Resultate
Anzahl Personen mit jedem Resultat
Perzentil nach korrekt beantworteten Fragen
Ihre Resultats-Entwicklung
Sie haben dieses Quiz noch nicht gespielt